Postacie z „Potopu" - nagła śmierć - Statystyki

Ogólne statystyki
  • Ten quiz został rozwiązany 17 razy
  • Średni wynik to 6 z 10
Answers on the Grid
Answers color-coded by a green-red scale on the quiz's grid according to % correct below.
Andrzej Kmicic
Oleńka Billewiczówka
Michał Wołodyjowski
Onufry Zagłoba
Janusz Radziwiłł
Bogusław Radziwiłł
Jan II Kazimierz
Jan Skrzetuski
Stanisław Skrzetuski
Tomasz Billewicz
Jeremi Wiśniowiecki
Bohdan Chmielnicki
Jurko Bohun
Marek Winicjusz
Tadeusz Soplica
Zygmunt III Waza
 
Statystyki odpowiedzi
Odpowiedź % Poprawnych
Bogusław Radziwiłł
92%
Andrzej Kmicic
67%
Janusz Radziwiłł
67%
Oleńka Billewiczówka
67%
Onufry Zagłoba
67%
Jan II Kazimierz
58%
Michał Wołodyjowski
58%
Stanisław Skrzetuski
50%
Tomasz Billewicz
42%
Jan Skrzetuski
25%
Nie znaleziono quizów pasujących do podanych kryteriów
Rozkład punktacji
Procent ludzi z każdym wynikiem
Percentyl według liczby udzielonych odpowiedzi
Twoja historia wyników
Nie rozwiązałeś tego quizu